[Event "Cheliabinsk Shusharin Memorial Rapid"]
[Site "Cheliabinsk"]
[Date "2023.11.15"]
[Round "1"]
[White "Chvanov, Ilia"]
[Black "Iljiushenok, Ilia"]
[Result "0-1"]
[WhiteElo "1565"]
[BlackElo "2547"]
[PlyCount "124"]
[EventDate "2023.11.15"]
[EventType "swiss (rapid)"]
[EventRounds "11"]
[EventCountry "RUS"]
[SourceTitle "CBM 217 Extra"]
[Source "ChessBase"]
[SourceDate "2024.01.31"]
[SourceVersion "1"]
[SourceVersionDate "2024.01.31"]
[SourceQuality "1"]

1. e4 c6 2. d4 d5 3. e5 Bf5 4. Ne2 e6 5. Ng3 Bg6 6. h4 h5 7. c4 Ne7 8. Nc3 dxc4 9. Bxc4 Nd7 10. Be3 Nb6 11. Be2 Ned5 12. Bg5 f6 13. exf6 gxf6 14. Be3 Bb4 15. Rc1 Nxe3 16. fxe3 Nd5 17. e4 Bd6 18. Qd3 Qc7 19. Kf2 Nf4 20. Qf3 Qb6 21. Rhd1 0-0-0 22. Na4 Qa5 23. Qb3 Nxe2 24. Nxe2 Bxe4 25. Qxe6+ Kb8 26. Qxe4 Qxa4 27. Nc3 Qb4 28. Rc2 Rhg8 29. d5 Qb6+ 30. Kf1 Rg4 31. Qd3 Rf4+ 32. Ke1 Re8+ 33. Re2 Rxe2+ 34. Qxe2 Be5 35. dxc6 Qxc6 36. Nd5 Rxh4 37. Kf2 Bd4+ 38. Rxd4 Rxd4 39. Ne3 Qc5 40. g3 a6 41. Kg2 Re4 42. Kf3 Re8 43. Qd3 Ka8 44. a3 Qc6+ 45. Kf2 Qc5 46. Kf3 Qc6+ 47. Kf2 Qb6 48. b4 Qb5 49. Qd4 Qe5 50. Qd3 Qe4 51. Qd2 h4 52. gxh4 Qxh4+ 53. Kf3 Qe4+ 54. Kf2 f5 55. Ng2 Rg8 56. Nf4 Rh8 57. Ng2 Rc8 58. Kg3 Rg8+ 59. Kh3 f4 60. Kh2 f3 61. Nf4 Qh7+ 62. Nh3 Rg2+ 0-1

[Event "Ekaterinburg Rapid op"]
[Site "Ekaterinburg"]
[Date "2023.08.11"]
[Round "4"]
[White "Chvanov, Ilia"]
[Black "Garifullina, Leya"]
[Result "0-1"]
[WhiteElo "1565"]
[BlackElo "2411"]
[PlyCount "64"]
[EventDate "2023.08.11"]
[EventType "swiss (rapid)"]
[EventRounds "11"]
[EventCountry "RUS"]
[SourceTitle "CBM 215 Extra"]
[Source "ChessBase"]
[SourceDate "2023.09.30"]
[SourceVersion "1"]
[SourceVersionDate "2023.09.30"]
[SourceQuality "1"]

1. e4 c5 2. a3 d5 3. exd5 Qxd5 4. Nc3 Qd8 5. Nf3 Nc6 6. Bb5 Bd7 7. d4 cxd4 8. Nxd4 Qc8 9. Be3 Nf6 10. 0-0 e6 11. Qf3 Be7 12. Nxc6 bxc6 13. Bc4 0-0 14. Ne4 Nxe4 15. Qxe4 c5 16. Qe5 Bf6 17. Qd6 Bxb2 18. Bxc5 Bxa1 19. Qxf8+ Qxf8 20. Bxf8 Kxf8 21. Rxa1 Rc8 22. Bb3 Ke7 23. Kf1 a5 24. c4 Rb8 25. Rb1 Kd6 26. Ke2 Kc5 27. Kd3 e5 28. Kc3 Bc6 29. g3 Rd8 30. Bc2 e4 31. Bd1 Rd3+ 32. Kc2 Ba4+ 0-1